| 000 | 00395nam a22001457a 4500 | ||
|---|---|---|---|
| 008 | 230606b xxu||||| |||| 00| 0 eng d | ||
| 024 | _a03050718 | ||
| 082 |
_a348.009 _bCLB |
||
| 100 | _ccommon wealth secretariat | ||
| 245 |
_aCommonwealth Law bulletin _bVolume 33, No4, December 2007 |
||
| 260 |
_bTaylor & Francis group _c2007 |
||
| 300 | _a822p | ||
| 440 |
_n4 _v33 _x03050718 |
||
| 942 |
_2ddc _cBK |
||
| 999 |
_c574 _d574 |
||